Online
Catalog

Ensayos sobre historia social, política y cultural de la República Dominicana y de México / (Record no. 46322)

MARC details
000 -CABECERA
campo de control de longitud fija 03302nam a2200349 a 4500
001 - NÚMERO DE CONTROL
campo de control 000046833
003 - IDENTIFICADOR DEL NÚMERO DE CONTROL
campo de control DO-SdBNP
005 - FECHA Y HORA DE LA ÚLTIMA TRANSACCIÓN
campo de control 20240305082246.0
007 - CAMPO FIJO DE DESCRIPCIÓN FÍSICA--INFORMACIÓN GENERAL
campo de control de longitud fija ta
008 - DATOS DE LONGITUD FIJA--INFORMACIÓN GENERAL
campo de control de longitud fija 180402s2015 dr r 000 0 spa d
020 ## - NÚMERO INTERNACIONAL ESTÁNDAR DEL LIBRO
ISBN cancelado o inválido 9789945443622
020 ## - NÚMERO INTERNACIONAL ESTÁNDAR DEL LIBRO
ISBN cancelado o inválido 9789945582246
040 ## - FUENTE DE LA CATALOGACIÓN
Centro catalogador/agencia de origen DO-SdBNP
Lengua de catalogación spa
Centro/agencia transcriptor BNPHU
Normas de descripción rda
082 #4 - NÚMERO DE LA CLASIFICACIÓN DECIMAL DEWEY
Número de documento/Ítem P438e
Número de edición 22
100 1# - ENTRADA PRINCIPAL--NOMBRE DE PERSONA
Nombre de persona Pérez Memén, Fernando,
Fechas asociadas al nombre 1943-
Término indicativo de función/relación autor
9 (RLIN) 38744
245 10 - MENCIÓN DE TÍTULO
Título Ensayos sobre historia social, política y cultural de la República Dominicana y de México /
Mención de responsabilidad, etc. Fernando Pérez Memén ; edición, José Alcántara Almánzar, Elvis Francis Soto
264 ## - PRODUCCIÓN, PUBLICACIÓN, DISTRIBUCIÓN, FABRICACIÓN Y COPYRIGHT
Producción, publicación, distribución, fabricación y copyright Santo Domingo :
Nombre del de productor, editor, distribuidor, fabricante Banco Central de la República Dominicana,
Fecha de producción, publicación, distribución, fabricación o copyright 2015.
300 ## - DESCRIPCIÓN FÍSICA
Extensión 398 páginas ;
Dimensiones 23 cm.
336 ## - TIPO DE CONTENIDO
Fuente rdacontent
Término de tipo de contenido texto
Código de tipo de contenido txt
337 ## - TIPO DE MEDIO
Fuente rdamedia
Nombre/término del tipo de medio sin mediación
Código del tipo de medio n
338 ## - TIPO DE SOPORTE
Fuente rdacarrier
Nombre/término del tipo de soporte volumen
Código del tipo de soporte nc
490 ## - MENCIÓN DE SERIE
Mención de serie Banco Central de la República Dominicana
Designación de volumen o secuencia 213
490 ## - MENCIÓN DE SERIE
Mención de serie Ciencias sociales
Designación de volumen o secuencia 36
500 ## - NOTA GENERAL
Nota general Incluye referencias bibliográficas y notas al pie de las páginas e índice onomástico
500 ## - NOTA GENERAL
Nota general Incluye datos biográficos del autor en las solapas
505 0# - NOTA DE CONTENIDO CON FORMATO
Nota de contenido con formato 1. Conquista y colonización. Iglesia, sociedad y política -- El indio y el negro en la visión de la Iglesia y el Estado -- El sermón de Montesinos en México -- La Santa Sede y Santo Domingo en el siglo XVI -- La política religiosa de Toussaint L'Overtoure en Santo Domingo -- La idea de la soberanía durante la España Boba -- II. Independencia y Restauración. Ideas políticas y sociales -- La Santa Sede ¿Primer Estado en reconocer la independencia dominicana? -- El proyecto de constitución de Duarte -- Pensamiento político y social de Hidalgo y de Duarte -- Sentido y valor de la Guerra de la Restauración -- Juárez, Duarte y Luperón y el liberalismo democrático -- III. Instituciones políticas y cultura -- Pedro Henríquez Ureña y la Revolución Mexicana -- La Rebelión de los Cristeros -- La influencia de Hostos en la educación dominicana -- Las relaciones entre las Iglesias y el Estado de la República Dominicana (1924-1966) -- Las hermanas Mirabal y el final de la Era de Trujillo -- El magisterio democrático de Juan Bosch -- Juan Bosch, dominicano universal -- Joaquín Balaguer: Orador parlamentario y académico -- IV. Examen de libros -- Vivas en su jardín, de Doña Dedé Mirabal -- La ciudad de La Vega en el meridiano histórico de la universalidad, de Josef Pérez Stefan -- De lo privado a lo público, del ingeniero Carlos Morales Troncoso -- Un momento I, de Monseñor Ramón Benito de la Rosa y Carpio -- República Dominicana. Identidad y herencias etnoculturales indígenas, de Jesús María Serna Moreno -- El incidente del trasatlántico Cuba. Una historia del exilio republicano español en la sociedad dominicana, 1938-1944, de Juan B. Alfonseca Giner de los Ríos -- Las relaciones del Estado Dominicano con la Santa Sede y la Iglesia Católica, de José Altagracia Hazim Azar -- Los carpinteros, de Joaquín Balaguer -- Las bases de la nación fuentes de virtudes ciudadanas, de Ito Bisonó -- José Núñez de Cáceres, un vínculo
590 ## - NOTA LOCAL (RLIN)
Nota local Inventariado, 2018 /LP
700 1# - PUNTO DE ACCESO ADICIONAL--NOMBRE DE PERSONA
Nombre de persona Alcántara Almánzar, José,
Término indicativo de función/relación edición
700 1# - PUNTO DE ACCESO ADICIONAL--NOMBRE DE PERSONA
Nombre de persona Soto, Elvis Francis,
Término indicativo de función/relación edición
9 (RLIN) 39156
910 ## - DATOS DE OPCIÓN DEL USUARIO (OCLC)
Datos de opción del usuario Btavárez
942 ## - ELEMENTOS DE PUNTO DE ACCESO ADICIONAL (KOHA)
Fuente del sistema de clasificación o colocación Dewey Decimal Classification
Tipo de ítem Koha Libro
Holdings
Estado de retiro Estado de pérdida Fuente del sistema de clasificación o colocación Restricciones de uso No para préstamo Código de colección Localización permanente Ubicación/localización actual Ubicación en estantería Fecha de adquisición Total de préstamos Signatura topográfica completa Código de barras Fecha visto por última vez Número de copia Precio válido a partir de Tipo de ítem Koha Fuente de adquisición
    Dewey Decimal Classification Préstamo en sala   Dominicana de Servicio Biblioteca Nacional Pedro Henríquez Ureña Biblioteca Nacional Pedro Henríquez Ureña Depósito 02.04.2018   BNPHU DS P438e 46833-30 25.06.2020 e. 3 25.06.2020 Libro  
    Dewey Decimal Classification Préstamo en sala   Dominicana de Servicio Biblioteca Nacional Pedro Henríquez Ureña Biblioteca Nacional Pedro Henríquez Ureña Depósito 21.06.2018   BNPHU DS P438e 46833-40 25.06.2020 e. 4 25.06.2020 Libro  
    Dewey Decimal Classification Excluido de préstamo   Patrimonio Dominicano Biblioteca Nacional Pedro Henríquez Ureña Biblioteca Nacional Pedro Henríquez Ureña Depósito 02.04.2018   BNPHU PD P438e 46833-10 25.06.2020   25.06.2020 Libro  
    Dewey Decimal Classification Excluido de préstamo   Patrimonio Dominicano Biblioteca Nacional Pedro Henríquez Ureña Biblioteca Nacional Pedro Henríquez Ureña Depósito 02.04.2018   BNPHU PD P438e 46833-20 25.06.2020 e. 2 25.06.2020 Libro  
    Dewey Decimal Classification Préstamo en sala   Dominicana de Servicio Biblioteca Nacional Pedro Henríquez Ureña Biblioteca Nacional Pedro Henríquez Ureña Depósito 02.10.2023   BNPHU DS P438e 2023-6566 02.10.2023 e.5 02.10.2023 Libro Donación

Powered by Koha